000 00905nam a22002537a 4500
005 20130708171819.0
010 _aENG-104752
020 _a9780198076650
_c575.00
020 _a0198076657
_c575.00
035 _aEN-88285
035 _aB-491863
037 _bDBAD/PUB
037 _bdpl
_aJanvani Prakashan/Ven
082 _a338.954
100 _aBhavani, T.A.
245 _aFinancial access in post-reform India /
_cby T.A. Bhavani [and] N.R. Bhanumurthy
260 _aNew Delhi
_bOxford University Press
_c2012
270 _aYMCA Library Building, 1 Jai Singh Road
_bNew Delhi
_e110001
300 _axvi,176p.
_c23cm(Hb)
500 _aIncludes bibliographical references and index
700 _aBhanumurthy, N.R.
_939374
942 _2ddc
_cEN
_mBHA
_h338.954
999 _c61047
_d61047